000 00762nam a22001817a 4500
003 OSt
005 20260327144850.0
008 260327b |||||||| |||| 00| 0 eng d
040 _c0
082 _aDPer 907.9 J826 January-December 2016 v.62
100 _aAbdullah, Tirmizy E.
_eauthor.
_970300
245 _aFirst Stages and Subleties of the GPH-MILF Peace Negotiations /
_cTirmizy E. Abdullah.
260 _aUP, Diliman, Quezon City, Metro Manila, Philippines ;
_bThe Philippine National Historical Society, Inc. ,
_cJanuary-December 2016.
300 _avolume 62, pages 492-537 :
_billustration ;
_c24cm.
500 _aThe Journal of History, Vol. 62, Pages 492-537, January-December, 2016
700 _aAbdullah, Tirmizy E.
_eauthor.
_970300
942 _2ddc
_cPER
999 _c24526
_d24526